History Quiz

Random History or Humor Quiz

Hand-Drawn History VI Quiz Stats

 Plays Quiz Updated Jun 8, 2017

Support Sporcle.
Go Orange.
Score 0/30 Timer 08:00
1 Play Today
% Correct
William Shakespeare writes 'Hamlet'
98.8%
Saddam Hussein is captured
91%
Karl Marx publishes 'The Communist Manifesto'
89.2%
Moai constructed on Easter Island
88.6%
British troops burn the White House
86.9%
Charlie Chaplin arrives in America
86.5%
Theodore Roosevelt leads the Rough Riders at San Juan Hill
84.7%
The Mayan Calendar begins
80.7%
Mikhail Gorbachev begins to reform the USSR
72.7%
Dolly the Sheep becomes the first cloned mammal
72.5%
The Fall of Berlin
72.1%
Harriet Tubman assists runaway slaves along the Underground Railroad
72%
Harold Godwinson defeats Harald Hardrada at the Battle of Stamford Bridge
71.3%
France and Scotland seal the 'Auld Alliance'
70.7%
The Knights of St John surrender Rhodes to the Ottoman Empire
69.8%
% Correct
The Six Day War
68.6%
Construction begins on Hadrian's Wall
68.6%
Socrates is sentenced to death by drinking hemlock
65.7%
Spartacus leads a slave uprising against Rome
64.5%
Nicolaus Copernicus espouses heliocentrism
64.3%
Ramesses II (The Great) becomes Pharaoh
64.2%
Johannes Gutenberg invents the printing press
62.5%
Miguel de Cervantes publishes 'Don Quixote'
58.9%
Tommie Smith and John Carlos protest at the Mexico City Summer Olympics
58.4%
Lady Godiva rides naked through the streets of Coventry
56.7%
A skirmish at Lexington, MA begins the American War of Independence
44.7%
The nomadic Mongol kingdom sacks Baghdad
43.7%
Henry V's English defeat the French at the Battle of Agincourt
40.2%
William the Conqueror orders the compilation of the Domesday Book
36.8%
Queen Victoria and Prince Albert open the Great Exhibition
29.3%

You're not logged in!

Compare scores with friends on all Sporcle quizzes.
OR
Log In
Forgot?

From the Vault

Did It Win Best Picture in the '80s?

by bhenderson79

What matters is if it won best picture in our hearts, right?
Remove Ads.
Support Sporcle.
Get the best of Sporcle when you Go Orange. This ad-free experience offers more features, more stats, and more fun while also helping to support Sporcle. Thank you for becoming a member.

Show Comments

Extras

Top Quizzes Today


Score Distribution

Your Account Isn't Verified!

In order to create a playlist on Sporcle, you need to verify the email address you used during registration. Go to your Sporcle Settings to finish the process.

Report this User

Report this user for behavior that violates our Community Guidelines.

Details: